000
00229 a2200097 4500
001
48376
100
_a
Stapledon, R.G
245
_a
Farming and mechanized agriculture
260
_a
London
_b
DD Ref books
_c
090
_c
31317
_d
31317
942
_a
NUST-CAE
_c
M
_c
23689
999
_c
283449
_d
283449